| 000 | 00381nam a2200133Ia 4500 | ||
|---|---|---|---|
| 008 | 230524s9999 xx 000 0 und d | ||
| 020 | _a140392757X | ||
| 100 |
_aShiv Khera _936680 |
||
| 245 | 0 | _aFreedom is not Free: Every Generation Needs to Earn its Own Freedom | |
| 260 | _bMacMillan | ||
| 500 | _aQuantity Number: 1 | ||
| 650 |
_aPersonality Development _936681 |
||
| 942 | _cBK | ||
| 999 |
_c50701 _d50701 |
||